| 000 | 01054nam a2200229Ia 4500 | ||
|---|---|---|---|
| 003 | Ost | ||
| 005 | 20260507075648.0 | ||
| 008 | 260507s9999||||xx |||||||||||||| ||und|| | ||
| 020 | _a9325119957 | ||
| 040 | _cfsecg | ||
| 041 | _aara | ||
| 082 | _a657.42 | ||
| 100 |
_aالمطارنة، غسان فلاح سلامة _eمؤلف |
||
| 245 | 0 |
_aمقدمة في محاسبة التكاليف / _c غسان فلاح سلامة المطارنة |
|
| 260 |
_aعمان: _bدار وائل للنشر والتوزيع, _c2003 |
||
| 300 |
_a305 صفحة؛ _bإيضاحات ؛ _c24 سم |
||
| 520 | _aمدخل الى محاسبة التكاليف- المفاهيم الأساسية وتقسيماتها- إعداد قوائم التكاليف- نظريات التكاليف- الرقابة على التكاليف الصناعية غير المباشرة- نظام تكاليف الاوامر- نظام تكاليف المراحل. | ||
| 653 | _aالرقابة | ||
| 653 | _aالمحاسبة | ||
| 653 | _aمحاسبة التكاليف | ||
| 942 | _cكتاب | ||
| 999 |
_c45534 _d45534 |
||